| 000 | 01900ntm a2200277 a 4500 | ||
|---|---|---|---|
| 001 | 37311 | ||
| 003 | BD-RjUL | ||
| 005 | 20211209052610.0 | ||
| 008 | 141125s2013 bg a|||| mb|| 00| 0 ben d | ||
| 035 | _a(BD-RjUL)37414 | ||
| 040 |
_aBD-RjUL _bben/eng _cBD-RjUL _dBD-RjUL |
||
| 041 | _aben | ||
| 082 |
_221 _a371.81095492 _bHOG 2013 |
||
| 100 |
_aহোসেন, মো. ফরহাদ _9114345 |
||
| 245 | 1 | 0 |
_aগণতান্ত্রিক আন্দোলনে বাংলার ছাত্রসমাজ (১৯৪৭-১৯৯০) / _cমো. ফরহাদ হোসেন ; _6গবেষণা তত্বাবধায়ক : মো. মাহফুজুর রহমান. |
| 260 |
_aরাজশাহী : _bইসলামের ইতিহাস ও সংস্কৃতি বিভাগ, রাজশাহী বিশ্ববিদ্যালয়, _c২০১৩. |
||
| 300 |
_aviii, ৩০৭ পাতা : _bচিত্র ; _c৩০ সেমি. |
||
| 502 | _aথিসিস (এম.ফিল.) --ইসলামের ইতিহাস ও সংস্কৃতি বিভাগ, রাজশাহী বিশ্ববিদ্যালয়,২০১৩. | ||
| 504 | _aগ্রন্থপঞ্জি : পাতা [২৮৯]-৩০৭. | ||
| 650 |
_aছাত্র আন্দোলন _vইতিহাস _zবাংলাদেশ _y১৯৪৭-১৯৯০ _9114346 |
||
| 650 |
_aStudent Movement _vHistory _zBangladesh _y1947-1990 _9244244 |
||
| 650 |
_aশিক্ষার্থী - _xরাজনৈতিক কার্যকলাপ _zবাংলাদেশ _y১৯৪৭-১৯৯০ _9237540 |
||
| 650 |
_aStudents _xPolitical activity _zBangladesh _y1947-1990 _9244245 |
||
| 700 |
_aরহমান, মো. মাহফুজুর, গবেষণা তত্বাবধায়ক _9114482 |
||
| 942 |
_2ddc _cTHE |
||
| 999 |
_c37311 _d37311 |
||